00709pam a2200229 a 4500001000800000005001700008008004100025010001700066020002800083040001800111041000800129080001600137082002000153100000700173101000800180245005200188504006600240906004500306942001200351999001700363952009900380489062820171218100741.0931217s1994 ctu b 001 0 eng  a 93050542  a0313288038 (alk. paper) aDLCcDLCdDLC aeng a305.409 KIR00a305.409 KIR2201 a16 aSOC10aChronology of women's history /cKirstin Olsen. aIncludes bibliographical references (p. [395]-398) and index. a7bcbccorignewd1eocipf19gy-gencatlg 2ddccBK c39129d39129 00102ddc4070a002b002d2017-12-18l0o305.409 KIRp002-2939497r2017-12-18w2017-12-18yBK